000 00643nam a2200205 a 4500
001 000013708
005 20240411074007.0
008 091127s2003 dr 000 j spa d
020 _a9993461652
040 _aDO-SdBNP
_bspa
_cBNPHU
082 _aRD863.44
_bG277h
100 _aGautier, Manuel Salvador,
_d1930-2021
_929016
245 1 0 _aHistorias para un buen día /
_cManuel Salvador Gautier.
260 _aSanto Domingo :
_bBúho,
_c2003.
300 _a216 p. ;
_c23 cm.
590 _aInventariado, 2019/VM
650 0 _aCuentos dominicanos
_9176
650 4 _aLiteratura domincana
_925681
910 _aValidado. Control de calidad MMOLINA
999 _c13321
_d13321